00811nam a22002897a 4500003000500000005001700005008004100022010001000063011001100073020001800084035001100102040000900113110000800122245006900130260002300199300002400222490005200246650001700298650002800315650003500343650001400378650002700392650001800419650001100437700002100448830005200469CHAP20220817044405.0101105s2009 it a rn 00010 eng d a99688 a100660 a9789251061411 a111346 cCHAP2 aFAO10aFarm ponds for water, fish and livelihoodsc/por James W. Miller aRome :bFAO,c2009 avii, 62 p. :bilus. 0aFolleto de la FAO sobre diversificaciónv; 1314aAcuicultura.14aEstanques piscícolas.14aExportación e importación.14aMercados.14aOrdenación de aguas.14aPiscicultura.14aRenta.1 aMiller, James W.00aFolleto de la FAO sobre diversificaciónv; 13